000 00865cam a2200217 4500
001 ABS65855
008 020910n2002 000 0 eng u
035 _a(Sirsi) u119643
100 _aMcManus, F.
245 _aStatutory nuisance: success or failure out of a myth?
260 _c2002
490 _aScottish Planning and Environmental Law
_v(92) August 2002, 83-87(5)
520 _aIllustrates problems arising from term "nuisance" in legislation, especially when one employs in an environmental statute a word which is a term of art in private law. Further confusion arises as the distinction in England between public and private law is not recognised in Scotland
590 _aABS
650 _aENVIRONMENTAL PROTECTION ACT 1990
650 _aNUISANCE
650 _aROBB V DUNDEE CITY COUNCIL
650 _aSCOTLAND
690 _aLAW
942 _n0
999 _c71120
_d71120